000 00592nam a2200193Ia 4500
003 GCL
008 140319s9999 xx 000 0 ara d
040 _aGCL /
_cGCL
082 0 4 _a332.673
_bه ح
100 1 _aهشام خالد
245 1 0 _aخصائص منطقية عقد ضمان الاستثمار العربى /
_cهشام خالد
260 _a[S.N] :
_bمؤسسة شباب الجامعة ،
_c1988
300 _a160
490 _a
650 0 4 _aالعالم العربى
650 0 4 _aالاستثمار
650 0 4 _aالاستثمارات الاجنبية
942 _2ddc
_cBK
999 _c54578
_d54578